000
00259nam a2200109Ia 4500
008
230306s9999 xx 000 0 und d
041
_a
eng
082
_a
621.38195
100
_a
Suresh K. Basandra
245
_a
Management Information System
260
_b
WHEELER
999
_c
99219
_d
99219